Top 20 GDP by Pictures - Statistics

General Stats
  • This quiz has been taken 29 times
  • The average score is 16 of 20
Answer Stats
Picture Answer % Correct
China
100%
Italy
100%
United States of America
96%
France
93%
Japan
93%
India
89%
United Kingdom
89%
Mexico
85%
Australia
81%
Russia
81%
Switzerland
81%
Canada
78%
Germany
74%
Saudi Arabia
74%
Spain
74%
South Korea
67%
Türkiye
63%
Indonesia
59%
Netherlands
52%
Brazil
37%
No matching quizzes found
Score Distribution
Percent of People with Each Score
Percentile by Number Answered
Your Score History
You have not taken this quiz